| 000 | 006130000a22002050004500 | ||
|---|---|---|---|
| 003 | LK-CoMWRAF | ||
| 005 | 20231106163044.0 | ||
| 008 | 230817t2005 ||||| |||| 00| 0 eng d | ||
| 020 | _a955113138X | ||
| 040 |
_aLK-CoMWRAF _dLK-CoMWRAF _eLK-CoMWRAF |
||
| 041 | _aeng | ||
| 082 |
_a954.93 _bRAV |
||
| 100 | _aRaven-Hart, R. | ||
| 245 |
_aCeylon: _bHistory in Stone |
||
| 260 |
_aPannipitiya: _bStamford Lake, _c2005 |
||
| 300 |
_a x, 320 p. illus., map (on lining paper) 23 cm. _bBibliography and index included |
||
| 650 | _aSRI LANKA- Description and travel | ||
| 650 | _aSri Lanka -- Guidebooks | ||
| 942 | _cBK | ||
| 999 |
_c845 _d845 |
||